000
00289nam a2200121Ia 4500
008
190216s9999||||xx |||||||||||||| ||und||
100
_a
Kadathanattu K Madhavi Amma
245
0
_a
Payyampalli Chanthu
260
_b
Poorna Pubs Kozhikode
300
_a
90
650
_a
Kathakal
942
_c
BK
999
_c
27198
_d
27198